Kpop song named Deja vu - Statistics

General Stats
  • This quiz has been taken 370 times
  • The average score is 3 of 15
Answers on the Grid
Answers color-coded by a green-red scale on the quiz's grid according to % correct below.
Suzy
TXT
NCT DREAM
GHOST9
Treasure
ATEEZ
DreamCatcher
CIX
Monsta X
KAI
Enhypen
F(x)
Pixy
KANG DANIEL
Taemin
SHINee
Just B
VIVIZ
Triple S
Nu’est W
ONF
SUNMY
ONE PACT
SONAMOO
Yena
IVE
DRIPPIN
APINK
 
Answer Stats
Answer % Correct
TXT
96%
ATEEZ
82%
DreamCatcher
36%
NCT DREAM
29%
Taemin
17%
F(x)
13%
Monsta X
13%
Nu’est W
11%
Triple S
10%
ONE PACT
7%
Yena
7%
Just B
5%
SONAMOO
4%
Pixy
2%
DRIPPIN
1%
No matching quizzes found
Score Distribution
Percent of People with Each Score
Percentile by Number Answered
Your Score History
You have not taken this quiz